| 000 | 01995nam0a22002891 4500 | ||
|---|---|---|---|
| 001 | v19\rc\2111097 | ||
| 005 | 20250620051158.0 | ||
| 035 | _a(NLR Aleph) 005186023 | ||
| 090 |
_a5166567 _c5166567 |
||
| 100 | _a20090914d1821 |||y0rusy50 ca | ||
| 101 | 1 |
_arus _cfre |
|
| 102 | _aRU | ||
| 105 | _ay z ||||| | ||
| 200 | 1 |
_aО женских болезнях от возмужалости до старости. _fСочиненное И. Капюроном, доктором Медицинскаго общества в Париже, профессором медицины и хирургии, повивальнаго искусства, медицинских обществ в Париже членом, Общества соревнования в городе Лиеже корреспондентом. _gПеревел с францускаго со втораго издания, поправленного и умноженного, Иван Клементовский, доктор медицины, Медико-хирургической академии анатомии и физиологии адъюнкт, Императорскаго Воспитательнаго дома повивальнаго искусства профессор, Физико-медицинскаго московскаго общества член, городовой акушер и кавалер |
|
| 210 |
_aМосква _cв типографии П. Кузнецова _d1821 |
||
| 215 |
_a[2], III, [1], IX, [1], 592 с. _d8° (22 см) |
||
| 300 | _aС. 590-592 ошибочно пронумерованы 560-562 | ||
| 321 | 1 | _aСК 1801-1825 3370 | |
| 700 | 1 |
_9z01790 _aКапюрон _bЖ. _f1767-1850 _gЖозеф |
|
| 702 | 1 |
_aКлементовский _bИ. _gИван _4730 |
|
| 790 | 1 |
_9z01700 _aКапюрон _bИ. _f1767-1850 |
|
| 801 | 0 |
_aRU _bNLR _gpsbo |
|
| 801 | 1 |
_aRU _bProSoft-M _2rusmarc |
|
| 801 | 2 |
_aRU _bNLR _c20151106 _2rusmarc |
|
| 852 |
_aNLR _j18.4.5.47 |
||
| 942 | _cBOOK | ||
| 980 | _aNB | ||